Statistics for Largest lakes of Canada by surface area

Click here to take the quiz!

General Stats

  • This quiz has been taken 76 times
  • The average score is 9 of 15

Answer Stats

HintAnswer% Correct
18,960 km2Lake Ontario
97%
82,100 km2Lake Superior
95%
59,600 km2Lake Huron
92%
31,328 km2Great Bear Lake
89%
28,568 km2Great Slave Lake
89%
25,700 km2Lake Erie
89%
24,387 km2Lake Winnipeg
80%
7,935 km2Lake Athabasca
55%
4,624 km2Lake Manitoba
41%
4,350 km2Lake of the Woods
33%
6,650 km2Reindeer Lake
30%
5,374 km2Lake Winnipegosis
28%
4,848 km2Lake Nipigon
27%
6,527 km2Smallwood Reservoir
17%
5,542 km2Nettilling Lake
9%

Score Distribution

Percentile by Number Answered

Percent of People with Each Score

Your Score History

You have not taken this quiz